000 00420nam a2200181Ia 4500
005 20240823035141.0
008 240823s9999||||xx |||||||||||||| ||und||
041 _aENGLISH
082 _A621.388 04 N3
100 _aGulati R R
245 0 _aColour Television
250 _a1st
260 _c1993
_b"Wiley,New Delhi"
500 _aTRANSFERED
650 _aTelevision
_bElectronics
942 _cBK
999 _c199999
_d199999